Vplyv daňového a odvodového zaťaženia na hospodárenie firmy diplomová práca

Enregistré dans:
Détails bibliographiques
Auteur principal: Líšková, Kristína
Collectivité auteur: Fakulta podnikového manažmentu EU. Katedra podnikovohospodárska
Autres auteurs: Kufelová, Iveta, 1970-
Format: Livre
Langue:slovaque
Publié: Bratislava 2018
Tags: Ajouter un tag
Pas de tags, Soyez le premier à ajouter un tag!

MARC

LEADER 00000nbm a2200000 4500
001 0244594
005 20181004111848.9
041 0 |a slo 
044 |a SK 
245 1 0 |a Vplyv daňového a odvodového zaťaženia na hospodárenie firmy  |b diplomová práca  |c Kristína Líšková ; školiteľ: Iveta Kufelová 
264 1 |a Bratislava  |c 2018 
300 |a 74 s. 
100 1 |a Líšková, Kristína 
700 1 |a Kufelová, Iveta, 1970- 
710 2 |a Fakulta podnikového manažmentu EU. Katedra podnikovohospodárska